000
00197nam a2200085Ia 4500
008
120527s9999 xx 000 0 und d
100
_a
I.M.F
245
_a
World economic outlook May 1994
942
_c
BK
999
_c
25372
_d
25372